|
|
|
|
| LEADER |
00000nab#a22000007a#4500 |
| 001 |
arbauad004404 |
| 003 |
AR-BaUAD |
| 005 |
20250711110633.0 |
| 008 |
940615|||||||||###||||||b###|0###a|spa|| |
| 040 |
|
|
|a AR-BaUAD
|c AR-BaUAD
|b spa
|
| 245 |
1 |
0 |
|a Concurso Italpark
|b los premios
|
| 300 |
0 |
|
|b cortes, il., plantas, vistas
|
| 500 |
|
|
|a Primer premio: -Carlos Berdichevsky, Rubén Cherny y otros. -- Sergio Coletta, Fabián de la Fuente y otros. -- Menciones: Marcelo Monfrino y otros; Hernán Araujo, Jorge Iribarne, Mario Linder; Sara Gramática, Juan Guerrero y otros; y otros trabajos seleccionados por el jurado
|
| 653 |
|
|
|a CONCURSOS
|
| 653 |
|
|
|a ITALPARK
|
| 653 |
|
|
|a PARQUES RECREATIVOS
|
| 773 |
0 |
|
|t Revista SCA
|g no. 159 [jul.-ago. 1992], p. 58-116
|
| 942 |
|
|
|c ARTI
|
| 952 |
|
|
|0 0
|1 0
|4 0
|7 0
|9 49324
|a AR-BAuAD
|b AR-BAuAD
|d 2025-07-11
|l 0
|p AAQA004404
|r 2025-07-11 11:06:33
|w 2025-07-11
|y ARTI
|
| 990 |
|
|
|a AQ199
|b TD
|
| 998 |
|
|
|a AAQ
|b BIBUN76
|
| 999 |
|
|
|c 28997
|d 28997
|